L'Atestat policial : manual de consulta manual de consulta
Publicado:
Barcelona :
Diputació de Barcelona. Àrea de Presidència. Direcció de Serveis de Formació ,
2009
Descripción Física:
94 p. ; 29 cm
MARC
| LEADER | 00000nam a2200000Ia 4500 | ||
|---|---|---|---|
| 001 | 22179 | ||
| 008 | 160829s2009 xx 000 0 cat d | ||
| 080 | |a M-6-289 | ||
| 245 | |a L'Atestat policial : |b manual de consulta | ||
| 250 | |a 2a ed. | ||
| 260 | |a Barcelona : |b Diputació de Barcelona. Àrea de Presidència. Direcció de Serveis de Formació, |c 2009 | ||
| 300 | |a 94 p. ; |c 29 cm | ||
| 650 | |a Policies |x Formació |x Catalunya |9 35966 | ||
| 650 | |a Policia municipal |x Catalunya |9 22039 | ||
| 710 | |a Barcelona (Catalunya : Província). |b Direcció de Serveis de Formació |9 51343 | ||
| 901 | |a Arxiu | ||
| 942 | |n 1 | ||
| 952 | |0 0 |1 0 |4 0 |6 M6289 |7 1 |9 51260 |a Arxiu |b Arxiu |d 2016-12-01 |l 0 |o M-6-289 |p 22179 |r 2016-12-01 00:00:00 |w 2016-12-01 |y ARXIU | ||
| 999 | |c 55104 |d 55104 | ||